Southville International School and Colleges
Your cart is empty.
  • Cart
  • Lists
    Public lists Eva Luna New books Lux_list list_1
    Your lists Log in to create your own lists
  • Log in to your account
  • Your cookies
  • Search history
Southville International School and Colleges
  • Advanced search
  • Recent comments
  • Most popular
  • Libraries

Log in to your account

Log in with GOOGLE


If you do not have an external account, but do have a local account, you can still log in:

  1. Home
  2. MARC view: Local area networks :
Normal view MARC view ISBD view

Local area networks : (Record no. 14172)

[ view plain ]
MARC details
000 -LEADER
fixed length control field 01056cam a2200289 a 4500
001 - CONTROL NUMBER
control field 4889511
003 - CONTROL NUMBER IDENTIFIER
control field PILC
005 - DATE AND TIME OF LATEST TRANSACTION
control field 20150112093425.0
008 - FIXED-LENGTH DATA ELEMENTS--GENERAL INFORMATION
fixed length control field 930921s1994 njua 001 0 eng
010 ## - LIBRARY OF CONGRESS CONTROL NUMBER
LC control number 93037562
020 ## - INTERNATIONAL STANDARD BOOK NUMBER
International Standard Book Number 0135330351
040 ## - CATALOGING SOURCE
Original cataloging agency DLC
Transcribing agency DLC
Modifying agency DLC
050 00 - LIBRARY OF CONGRESS CALL NUMBER
Classification number TK 5105.7
Item number .M37 1994
082 00 - DEWEY DECIMAL CLASSIFICATION NUMBER
Classification number CSF 004.68
Item number M36 1994
100 1# - MAIN ENTRY--PERSONAL NAME
Personal name Martin, James,
Dates associated with a name 1933-
9 (RLIN) 5706
245 10 - TITLE STATEMENT
Title Local area networks :
Remainder of title architectures and implementations /
Statement of responsibility, etc James Martin, with Kathleen Kavanagh Chapman, Joe Leben.
250 ## - EDITION STATEMENT
Edition statement 2nd ed.
260 ## - PUBLICATION, DISTRIBUTION, ETC. (IMPRINT)
Place of publication, distribution, etc Englewood Cliffs, N.J. :
Name of publisher, distributor, etc PTR Prentice Hall,
Date of publication, distribution, etc 1994.
300 ## - PHYSICAL DESCRIPTION
Extent 586 pages :
Other physical details ill. (some col.) ;
Dimensions 25 cm.
500 ## - GENERAL NOTE
General note Includes index.
650 #0 - SUBJECT ADDED ENTRY--TOPICAL TERM
Topical term or geographic name as entry element Local area networks (Computer networks)
9 (RLIN) 5707
700 1# - ADDED ENTRY--PERSONAL NAME
Personal name Chapman, Kathleen Kavanagh.
9 (RLIN) 5708
700 1# - ADDED ENTRY--PERSONAL NAME
Personal name Leben, Joe.
9 (RLIN) 5709
906 ## - LOCAL DATA ELEMENT F, LDF (RLIN)
a 7
b cbc
c orignew
d 1
e ocip
f 19
g y-gencatlg
942 ## - ADDED ENTRY ELEMENTS (KOHA)
Source of classification or shelving scheme Library of Congress Classification
Koha item type Books
Holdings
Withdrawn status Lost status Damaged status Home library Current library Shelving location Date acquired Total Checkouts Full call number Barcode Date last seen Copy number Price effective from Koha item type
      Southville International School Affiliated with Foreign Universities Library Southville International School Affiliated with Foreign Universities Library Southville Foreign University Section 11/03/2011   TK 5105.7 .M37 1994 SFU0047 05/15/2018 1 11/03/2011 Books

Local area networks :

APA

Martin J., Chapman K. K. & Leben J. (1994). Local area networks. Englewood Cliffs, N.J: PTR Prentice Hall.

Chicago

Martin James, Chapman Kathleen Kavanagh and Leben Joe. 1994. Local area networks. Englewood Cliffs, N.J: PTR Prentice Hall.

Harvard

Martin J., Chapman K. K. and Leben J. (1994). Local area networks. Englewood Cliffs, N.J: PTR Prentice Hall.

MLA

Martin James, Chapman Kathleen Kavanagh and Leben Joe. Local area networks. Englewood Cliffs, N.J: PTR Prentice Hall. 1994.

  • Place hold
  • Print
  • Cite
  • Add to your cart (remove)
  • Save record
    BIBTEX Dublin Core MARCXML MARC (non-Unicode/MARC-8) MARC (Unicode/UTF-8) MARC (Unicode/UTF-8, Standard) MODS (XML) RIS
  • More searches
    Search for this title in:
    Other Libraries (WorldCat) Other Databases (Google Scholar) Online Stores (Bookfinder.com) Open Library (openlibrary.org)

Exporting to Dublin Core...

SOUTHVILLE LIBRARY

Southville International School and Colleges Library

1281 Tropical Ave. Cor. Luxembourg St., BF Homes International, Las Pinas City

Tel. No. 8256374 / 252358 Loc. 117/146

Powered by Koha